MARC

LEADER 00000nam0a2200000 4500
001 146122
005 20231031144509.0
010 |a 5648007175 
020 |a RU  |b 91-19427 
035 |a (RuTPU)RU\TPU\book\158387 
090 |a 146122 
100 |a 20081027d1991 k y0rusy5003 ca 
101 0 |a rus 
102 |a UZ 
105 |a a z 001zy 
200 1 |a Фоторезистивные свойства аморфных и поликристаллических пленок широкозонных полупроводников  |f В. Ю. Ибрагимов, В. М. Рубинов  |g Академия наук Узбекской ССР (АН УзССР), Физико-технический институт 
210 |a Ташкент  |c Фан  |d 1991 
215 |a 140 с.  |c ил. 
320 |a Библиогр. в конце статей 
610 1 |a широкозонные полупроводники 
610 1 |a поликристаллические пленки 
610 1 |a аморфные пленки 
610 1 |a фоторезистивные свойства 
610 1 |a фотопроводимость 
610 1 |a теория 
675 |a 621.315.592:53  |v 3 
700 1 |a Ибрагимов  |b В. Ю.  |g Валентин Юсуфович  |4 070 
701 1 |a Рубинов  |b В. М.  |g Владлен Маниевич  |4 070 
712 0 2 |a Академия наук Узбекской ССР (АН УзССР)  |b Физико-технический институт  |2 stltpush  |3 (RuTPU)RU\TPU\col\13582 
801 0 |a RU  |b RuMRKP  |c 19950417  |g psbo 
801 1 |a RU  |b 63413507  |c 20081027  |g PSBO 
801 2 |a RU  |b 63413507  |c 20081121  |g PSBO 
942 |c BK